An introduction to CorelDRAW! for business users /
Introduction to CorelDraw! Artistic text. Enhancing artistic text. Working with Clip art. Transformations. Special effects. Lines and curves. The fill and outline tools. Paragraph text and print merge...
Kaydedildi:
| Yazar: | |
|---|---|
| Materyal Türü: | Kitap |
| Dil: | English |
| Baskı/Yayın Bilgisi: |
Danvers, Mass. :
Boyd and Fraser,
1994.
|
| Konular: | |
| Etiketler: |
Etiketle
Etiket eklenmemiş, İlk siz ekleyin!
|
| Thư viện lưu trữ: | Mạng thư viện Đại học Đà Nẵng |
|---|
| LEADER | 01089cam a2200349 i 4500 | ||
|---|---|---|---|
| 001 | 000049480 | ||
| 003 | 9229 | ||
| 005 | 20030312101513.0 | ||
| 008 | 010322|1994 vm 000 eng | ||
| 020 | |a 0878358943 | ||
| 040 | |a IRC |c IRC |d IRC | ||
| 041 | 0 | |a eng | |
| 082 | 1 | 4 | |a 006.6869 |b ST-K |
| 100 | 1 | |a Stewart, Kathleen. | |
| 245 | 0 | 3 | |a An introduction to CorelDRAW! for business users / |c Kathleen Stewart. |
| 260 | |a Danvers, Mass. : |b Boyd and Fraser, |c 1994. | ||
| 300 | |a 352 p. : |b ill. ; |c 25.5cm. | ||
| 520 | 3 | |a Introduction to CorelDraw! Artistic text. Enhancing artistic text. Working with Clip art. Transformations. Special effects. Lines and curves. The fill and outline tools. Paragraph text and print merge... | |
| 630 | 0 | 4 | |a Computer graphics. |
| 630 | 0 | 4 | |a Corel DRAW. |
| 650 | 0 | 4 | |a Computer graphics. |
| 650 | 0 | 4 | |a Corel DRAW. |
| OWN | |a DUT | ||
| 999 | |a From the UDN01 | ||
| TYP | |a Monograph | ||
| TYP | |a Printed language | ||
| 980 | |a Mạng thư viện Đại học Đà Nẵng | ||


